[Event "Copenhagen Chess Challenge 2015"]
[Site "Ballerup"]
[Date "2015.??.??"]
[Round "5"]
[White "Bekker Jensen, David"]
[Black "Haug, Johannes"]
[Result "1/2-1/2"]
[WhiteElo "2261"]
[BlackElo "2309"]
[PlyCount "112"]
[EventDate "2015.??.??"]
[EventType "swiss"]
[EventRounds "9"]
[EventCountry "DEN"]

1. d4 Nf6 2. c4 e6 3. Nc3 Bb4 4. e3 O-O 5. Nge2 d5 6. a3 Bd6 7. Ng3 c6 8. Bd3
Nbd7 9. O-O dxc4 10. Bxc4 e5 11. Ba2 Bc7 12. Qc2 exd4 13. exd4 Re8 14. Bg5 Nf8
15. Nce4 Bxg3 16. Nxf6+ gxf6 17. fxg3 fxg5 18. Bxf7+ Kg7 19. Bxe8 Qxe8 20. Qf2
Ne6 21. Qf6+ Kg8 22. Rae1 Bd7 23. Re5 Qg6 24. Qe7 Qe8 25. Qd6 Rd8 26. Rfe1 Bc8
27. Qb4 Rd5 28. R5e4 Qf7 29. Qc3 h6 30. Qe3 Rf5 31. h3 Rf6 32. Re5 Bd7 33. Kh2
Kg7 34. Qb3 Nxd4 35. Qxb7 Be6 36. Qxf7+ Bxf7 37. Rd1 Rd6 38. Rde1 Ne6 39. Ra5
Rd7 40. Re4 Rb7 41. b4 Kf6 42. Ra6 Be8 43. g4 Bd7 44. Ra5 Ke7 45. h4 Kd6 46.
Rf5 gxh4 47. Rf6 Rb5 48. Rxh6 c5 49. bxc5+ Rxc5 50. Rxh4 Rc2 51. g5 Nxg5 52.
Rd4+ Ke5 53. Rxd7 Nf3+ 54. Kg3 Nxh4 55. Kxh4 Rxg2 56. Rxa7 Kd6 1/2-1/2

[Event "Copenhagen Chess Challenge 2015"]
[Site "Ballerup"]
[Date "2015.??.??"]
[Round "5"]
[White "Westerinen, Heikki"]
[Black "Skovgaard, Ib"]
[Result "1-0"]
[WhiteElo "2305"]
[BlackElo "2006"]
[PlyCount "47"]
[EventDate "2015.??.??"]
[EventType "swiss"]
[EventRounds "9"]
[EventCountry "DEN"]

1. e4 Nf6 2. e5 Nd5 3. d4 d6 4. Nf3 g6 5. Bc4 dxe5 6. Nxe5 Be6 7. Bb3 c6 8. O-O
Bg7 9. Nd2 O-O 10. Re1 Nd7 11. Nxd7 Qxd7 12. Ne4 Bg4 13. Qd3 Rad8 14. c3 Bf5
15. Qf3 Bg4 16. Qg3 b6 17. Qh4 Nf6 18. Bg5 c5 19. dxc5 Nxe4 20. Rxe4 Bd1 21.
Rxe7 Qd3 22. Re3 Rfe8 23. Bxd8 Rxe3 24. fxe3 1-0

[Event "Copenhagen Chess Challenge 2015"]
[Site "Ballerup"]
[Date "2015.??.??"]
[Round "5"]
[White "Tomaz, Tainan Pantano"]
[Black "Surender, Anil"]
[Result "1-0"]
[WhiteElo "2018"]
[BlackElo "2056"]
[PlyCount "45"]
[EventDate "2015.??.??"]
[EventType "swiss"]
[EventRounds "9"]
[EventCountry "DEN"]

1. d4 g6 2. c4 Bg7 3. Nc3 d6 4. e4 Nc6 5. d5 Nd4 6. Be3 c5 7. Nge2 e5 8. dxe6
Nxe6 9. Qd2 Qb6 10. Nb5 Bf8 11. Rd1 Nf6 12. Qc3 Be7 13. Nxd6+ Bxd6 14. Qxf6 O-O
15. Nc3 Re8 16. Nd5 Qa5+ 17. Bd2 Qxa2 18. Bd3 Bf8 19. Qh4 Rd8 20. Nf6+ Kg7 21.
Nxh7 Rxd3 22. Qh6+ Kg8 23. Nf6# 1-0

[Event "Copenhagen Chess Challenge 2015"]
[Site "Ballerup"]
[Date "2015.??.??"]
[Round "5"]
[White "Petrovski, Petruli"]
[Black "Sorensen, Per Settergren"]
[Result "0-1"]
[WhiteElo "1849"]
[BlackElo "2049"]
[PlyCount "88"]
[EventDate "2015.??.??"]
[EventType "swiss"]
[EventRounds "9"]
[EventCountry "DEN"]

1. Nf3 d5 2. b3 Nf6 3. Bb2 g6 4. e3 Bg7 5. c4 c6 6. Be2 O-O 7. O-O b6 8. d3 Bb7
9. Qc2 Nbd7 10. Nbd2 e6 11. Rad1 Rc8 12. Qb1 Qe7 13. d4 c5 14. Rfe1 Rfd8 15.
Bd3 cxd4 16. exd4 Rc7 17. h3 Nb8 18. Ne5 Nfd7 19. Ndf3 Nxe5 20. Nxe5 Nc6 21.
cxd5 Nxe5 22. dxe5 Bxd5 23. Be4 Rcd7 24. Bxd5 Rxd5 25. Rxd5 Rxd5 26. Qc1 Qd7
27. Qa1 Bf8 28. a3 a5 29. Bc3 Rd3 30. Rc1 Be7 31. b4 Bg5 32. Re1 a4 33. Qb2 Qd5
34. b5 Be7 35. Re3 Rd1+ 36. Re1 Rxe1+ 37. Bxe1 Qd1 38. Qc3 Bxa3 39. Kh2 Bc5 40.
Bd2 Qb3 41. Qc1 Qd5 42. Bh6 Qxe5+ 43. Kg1 Qd5 44. Qf4 Qd1+ 0-1

[Event "Copenhagen Chess Challenge 2015"]
[Site "Ballerup"]
[Date "2015.??.??"]
[Round "5"]
[White "Hentley, Darryl"]
[Black "Olsen, Michael Richard W"]
[Result "0-1"]
[WhiteElo "1383"]
[BlackElo "2023"]
[PlyCount "78"]
[EventDate "2015.??.??"]
[EventType "swiss"]
[EventRounds "9"]
[EventCountry "DEN"]

1. e4 d6 2. Bc4 Nf6 3. Nc3 e6 4. Bb3 c5 5. d3 Be7 6. g4 Nc6 7. Nf3 Nxg4 8. Rg1
Nge5 9. Ba4 Bf6 10. Bg5 Nxf3+ 11. Qxf3 Bxg5 12. Qg3 Bf6 13. Nb5 Be5 14. f4 Bxb2
15. Rb1 Bf6 16. Kd2 e5 17. Nc3 exf4 18. Qxf4 Be5 19. Bxc6+ bxc6 20. Qf3 Qa5 21.
Rb3 Be6 22. Rg5 Bxb3 23. Rxe5+ dxe5 24. axb3 O-O 25. h4 Rae8 26. h5 Re6 27. Qf5
h6 28. Qf1 Rf6 29. Qe1 Qb4 30. Qa1 Rf2+ 31. Kc1 Rf1+ 32. Nd1 Qe1 33. Qxa7 Qxd1+
34. Kb2 Qb1+ 35. Kc3 Rf2 36. Qxc5 Rxc2+ 37. Kb4 Rb8+ 38. Qb6 Rxb6+ 39. Ka5 Rxb3
0-1

[Event "Copenhagen Chess Challenge 2015"]
[Site "Ballerup"]
[Date "2015.??.??"]
[Round "5"]
[White "Andersen, Kim Nyvang"]
[Black "Fossan, Andreas"]
[Result "1-0"]
[WhiteElo "2045"]
[BlackElo "1873"]
[PlyCount "103"]
[EventDate "2015.??.??"]
[EventType "swiss"]
[EventRounds "9"]
[EventCountry "DEN"]

1. d4 d5 2. c4 c6 3. Nf3 Nf6 4. Nc3 dxc4 5. a4 Bf5 6. Ne5 Nbd7 7. Nxc4 Qc7 8.
g3 e5 9. dxe5 Nxe5 10. Bf4 Nfd7 11. Bg2 f6 12. O-O g5 13. Ne3 Be6 14. Bxe5 Qxe5
15. Qc2 Bc5 16. Ncd1 O-O-O 17. Nc4 Qc7 18. a5 h5 19. Nde3 h4 20. Qc3 hxg3 21.
hxg3 f5 22. b4 Bxe3 23. Nxe3 f4 24. Nc2 Ne5 25. Rfd1 Rde8 26. Nd4 Bc4 27. Rd2
Qh7 28. Nf3 Nxf3+ 29. Qxf3 Kb8 30. Rad1 Bd5 31. Rxd5 cxd5 32. a6 fxg3 33. Qxg3+
Qc7 34. Qd3 Rd8 35. axb7 Kxb7 36. b5 Rh6 37. e4 d4 38. e5+ Kc8 39. Qe4 Kd7 40.
Qxd4+ Ke7 41. Qb4+ Kf7 42. Qb3+ Ke7 43. Qa3+ Kf7 44. Rxd8 Qxd8 45. Qxa7+ Kg8
46. Qa2+ Kh8 47. Qb3 Kg7 48. Bd5 Qc7 49. Qe3 Qc2 50. Qa7+ Kh8 51. Qa8+ Kg7 52.
Qg8# 1-0

[Event "Copenhagen Chess Challenge 2015"]
[Site "Ballerup"]
[Date "2015.??.??"]
[Round "5"]
[White "Nielsen, Thomas (1994)"]
[Black "Sorensen, Bernhard W"]
[Result "0-1"]
[WhiteElo "1670"]
[BlackElo "1648"]
[PlyCount "64"]
[EventDate "2015.??.??"]
[EventType "swiss"]
[EventRounds "9"]
[EventCountry "DEN"]

1. c4 f5 2. Nf3 e6 3. d4 d5 4. e3 Nf6 5. Nc3 c6 6. Bd2 Ne4 7. Nxe4 fxe4 8. Ne5
Qf6 9. Be2 Nd7 10. Ng4 Qg5 11. h4 Qg6 12. O-O h5 13. Nh2 Be7 14. g3 Bxh4 15.
Kh1 Be7 16. Qe1 e5 17. f4 exf3 18. Bxf3 e4 19. Be2 Nf6 20. cxd5 Nxd5 21. Rg1
Bg4 22. Nxg4 hxg4+ 23. Kg2 O-O-O 24. Rh1 Rh6 25. Qd1 Nf6 26. Qb3 Nd5 27. Qd1
Rdh8 28. Bxg4+ Kb8 29. Qe2 Qh7 30. Rxh6 Qxh6 31. Rg1 Qh2+ 32. Kf1 Rf8+ 0-1

[Event "Copenhagen Chess Challenge 2015"]
[Site "Ballerup"]
[Date "2015.??.??"]
[Round "5"]
[White "Andersen, Daniel"]
[Black "Andersen, Soren Mikkel"]
[Result "0-1"]
[WhiteElo "1870"]
[BlackElo "2123"]
[PlyCount "182"]
[EventDate "2015.??.??"]
[EventType "swiss"]
[EventRounds "9"]
[EventCountry "DEN"]

1. c4 c6 2. e4 d5 3. exd5 cxd5 4. cxd5 Nf6 5. Qa4+ Nbd7 6. Nc3 g6 7. g3 Bg7 8.
Bg2 O-O 9. Nge2 Nc5 10. Qc4 b6 11. b4 Nb7 12. O-O Nd6 13. Qb3 Bb7 14. d4 Qd7
15. Nf4 Nf5 16. Rd1 Rfd8 17. Be3 Bh6 18. h3 Rac8 19. Rac1 Nh5 20. Nce2 Nxe3 21.
Qxe3 Qd6 22. Qe5 Nxf4 23. Nxf4 Bxf4 24. gxf4 Rxc1 25. Rxc1 Bxd5 26. Bxd5 Qxd5
27. Rc8 Qd7 28. Rxd8+ Qxd8 29. b5 Qd6 30. Kg2 f6 31. Qe4 Qa3 32. Qd5+ Kg7 33.
Qd7 Kf7 34. Qd5+ e6 35. Qb7+ Qe7 36. Qc6 Kg7 37. d5 exd5 38. Qxd5 Qf7 39. Qd2
h5 40. a4 Qb7+ 41. Kg3 Qc8 42. Qd6 Qc3+ 43. Kg2 Qc4 44. Qd7+ Qf7 45. Qc6 h4 46.
Qd6 Qb7+ 47. Qc6 Qe7 48. Qd5 Kh7 49. Kf3 f5 50. Qc6 Qa3+ 51. Kg2 Qxa4 52. Qc7+
Kh6 53. Qf7 Qe4+ 54. Kg1 Qxf4 55. Qf8+ Kh5 56. Qf7 Qe5 57. Qxa7 Qxb5 58. Qh7+
Kg5 59. Qe7+ Kh5 60. Qh7+ Kg5 61. Qe7+ Kf4 62. Qxh4+ Ke5 63. Qe7+ Kd4 64. Qd6+
Kc4 65. Qxg6 Qb1+ 66. Kg2 Qe4+ 67. Kf1 b5 68. Qf7+ Kb4 69. Qa2 Qh1+ 70. Ke2
Qxh3 71. Qb1+ Ka5 72. Qa2+ Kb6 73. Qe6+ Kc5 74. Qe5+ Kc4 75. Qc7+ Kb3 76. Qf7+
Ka3 77. Qa7+ Kb2 78. Qc5 Qg4+ 79. Kd2 Qf4+ 80. Kd1 Qf3+ 81. Kd2 Qf4+ 82. Kd1
Qf3+ 83. Kd2 Qf4+ 84. Kd1 b4 85. Qc2+ Ka3 86. Qd3+ b3 87. Qa6+ Qa4 88. Qd6+ Ka2
89. Kd2 Ka1 90. Qe5+ b2 91. Qc3 Ka2 0-1

[Event "Copenhagen Chess Challenge 2015"]
[Site "Ballerup"]
[Date "2015.??.??"]
[Round "5"]
[White "Kallenbach, Uffe"]
[Black "Kistrup, Nicolai"]
[Result "0-1"]
[WhiteElo "1641"]
[BlackElo "1942"]
[PlyCount "62"]
[EventDate "2015.??.??"]
[EventType "swiss"]
[EventRounds "9"]
[EventCountry "DEN"]

1. d4 Nf6 2. Nf3 g6 3. Nbd2 Bg7 4. e4 d6 5. Bd3 Nbd7 6. O-O O-O 7. c3 c5 8. Nb3
Qc7 9. Qe2 b6 10. Be3 Bb7 11. Nbd2 h6 12. Rac1 e5 13. d5 Ng4 14. Nh4 Nxe3 15.
Qxe3 Qd8 16. g3 Kh7 17. f4 exf4 18. Qxf4 Ne5 19. Be2 Bc8 20. Ng2 f5 21. Qe3 Qe7
22. Rce1 Bd7 23. exf5 Bxf5 24. Kh1 Qb7 25. c4 Rae8 26. Qa3 a6 27. Nf3 b5 28.
Nxe5 Bxe5 29. b3 Bc3 30. Rc1 b4 31. Qa4 Rxe2 0-1

[Event "Copenhagen Chess Challenge 2015"]
[Site "Ballerup"]
[Date "2015.??.??"]
[Round "5"]
[White "Kokholm, Daniel"]
[Black "Klofsrud, August"]
[Result "1/2-1/2"]
[WhiteElo "1913"]
[BlackElo "1590"]
[PlyCount "45"]
[EventDate "2015.??.??"]
[EventType "swiss"]
[EventRounds "9"]
[EventCountry "DEN"]

1. d4 Nf6 2. Nc3 d5 3. e4 e6 4. Be3 Be7 5. f3 O-O 6. Qd2 b6 7. Nge2 c5 8. e5
Ne8 9. f4 Nc6 10. O-O-O Rb8 11. g4 b5 12. dxc5 b4 13. Nb1 Qa5 14. Nd4 Nxd4 15.
Bxd4 Qxa2 16. Qe3 b3 17. c3 a5 18. Bd3 a4 19. Na3 Ra8 20. Rd2 Ba6 21. Bb1 Qa1
22. Kd1 Nc7 23. c4 1/2-1/2

[Event "Copenhagen Chess Challenge 2015"]
[Site "Ballerup"]
[Date "2015.??.??"]
[Round "5"]
[White "Dijkhuis, Oele"]
[Black "Johansen, Johnny Holler"]
[Result "1/2-1/2"]
[WhiteElo "1568"]
[BlackElo "1879"]
[PlyCount "82"]
[EventDate "2015.??.??"]
[EventType "swiss"]
[EventRounds "9"]
[EventCountry "DEN"]

1. e4 e6 2. d4 d5 3. Nc3 Bb4 4. e5 c5 5. a3 Bxc3+ 6. bxc3 Qc7 7. Bd2 Nc6 8. Nf3
f6 9. exf6 Nxf6 10. Bb5 O-O 11. O-O Bd7 12. Bxc6 bxc6 13. Ne5 Bc8 14. f3 Nd7
15. Nxd7 Bxd7 16. Qe1 Rae8 17. Qe5 Qxe5 18. dxe5 Rb8 19. Rab1 c4 20. Be3 a6 21.
Bc5 Rfe8 22. a4 Kf7 23. f4 Kg6 24. g3 h5 25. Bd6 Rxb1 26. Rxb1 c5 27. a5 Bb5
28. Bxc5 Kf5 29. Re1 Ba4 30. Re2 Rb8 31. Bb6 Rb7 32. Kg2 Rf7 33. Rf2 Rf8 34.
Bc5 Rb8 35. Bb6 Rh8 36. h3 Rb8 37. Kf3 Rh8 38. Ke3 Kg6 39. Kf3 Kf5 40. Ke3 Kg6
41. Kf3 Kf5 1/2-1/2

[Event "Copenhagen Chess Challenge 2015"]
[Site "Ballerup"]
[Date "2015.??.??"]
[Round "5"]
[White "Orio, Lars"]
[Black "Vatnestrom, Leo Andreas Giske"]
[Result "1/2-1/2"]
[WhiteElo "1878"]
[BlackElo "1483"]
[PlyCount "48"]
[EventDate "2015.??.??"]
[EventType "swiss"]
[EventRounds "9"]
[EventCountry "DEN"]

1. e4 e6 2. d4 d5 3. Nc3 Nf6 4. e5 Nfd7 5. f4 c5 6. Nf3 a6 7. Be3 Nc6 8. Qd2
cxd4 9. Nxd4 Nxd4 10. Bxd4 Bc5 11. O-O-O Bxd4 12. Qxd4 Nb8 13. Bd3 Nc6 14. Qf2
Qa5 15. Rhe1 Bd7 16. a3 b5 17. Qc5 Rc8 18. Nxd5 exd5 19. Qxd5 Ne7 20. Qd4 Qc7
21. e6 Bxe6 22. f5 Nxf5 23. Bxf5 O-O 24. Bd3 Qc5 1/2-1/2

[Event "Copenhagen Chess Challenge 2015"]
[Site "Ballerup"]
[Date "2015.??.??"]
[Round "5"]
[White "Svensson, Gert1"]
[Black "Pawlak, Wojciech Zbigniew"]
[Result "1/2-1/2"]
[WhiteElo "1880"]
[BlackElo "1754"]
[PlyCount "70"]
[EventDate "2015.??.??"]
[EventType "swiss"]
[EventRounds "9"]
[EventCountry "DEN"]

1. d4 Nf6 2. c4 g6 3. Nc3 d5 4. Bg5 Ne4 5. Nxe4 dxe4 6. e3 Bg7 7. Qc2 c5 8.
O-O-O cxd4 9. Qxe4 Nc6 10. Qd5 Qxd5 11. cxd5 Nb4 12. a3 Nxd5 13. exd4 a6 14.
Bc4 Be6 15. Kb1 h6 16. Bh4 Rc8 17. Bxd5 Bxd5 18. f3 g5 19. Be1 O-O 20. Ne2 Rfd8
21. Bc3 Bc4 22. Ng3 Rd5 23. Rd2 Rcd8 24. Rhd1 Bb3 25. Re1 e6 26. Ne4 Bxd4 27.
Nf6+ Bxf6 28. Rxd5 Rxd5 29. Bxf6 Rd2 30. Rg1 Kh7 31. Kc1 Re2 32. h4 gxh4 33.
Bxh4 f5 34. f4 h5 35. g3 Rc2+ 1/2-1/2

[Event "Copenhagen Chess Challenge 2015"]
[Site "Ballerup"]
[Date "2015.??.??"]
[Round "5"]
[White "Marthedal, Anton Mehmet Yildiz"]
[Black "Aladiyur Paramasivan, Dharanidar"]
[Result "1-0"]
[WhiteElo "1722"]
[BlackElo "1427"]
[PlyCount "85"]
[EventDate "2015.??.??"]
[EventType "swiss"]
[EventRounds "9"]
[EventCountry "DEN"]

1. Nf3 d6 2. c4 Nf6 3. g3 g6 4. Bg2 Bg7 5. O-O O-O 6. Nc3 e5 7. d3 Be6 8. Nxe5
c6 9. Nf3 Nbd7 10. Bf4 Nb6 11. a4 a5 12. Qd2 Qd7 13. Ng5 Rfe8 14. Nxe6 Rxe6 15.
Bh3 Rxe2 16. Bxd7 Rxd2 17. Bxd2 Nbxd7 18. d4 Nb6 19. b3 d5 20. c5 Nbd7 21. h3
Ne4 22. Nxe4 dxe4 23. Bg5 Nxc5 24. dxc5 Bxa1 25. Rxa1 Re8 26. Rd1 Re5 27. Be3
Re7 28. Bg5 Re5 29. Bf6 Rd5 30. Rxd5 cxd5 31. Bc3 Kf8 32. Kf1 Ke8 33. Ke2 Kd7
34. Bxa5 Kc6 35. Bb6 d4 36. f3 f5 37. fxe4 fxe4 38. b4 Kd5 39. b5 h5 40. a5 d3+
41. Kd2 Kc4 42. c6 e3+ 43. Bxe3 1-0

[Event "Copenhagen Chess Challenge 2015"]
[Site "Ballerup"]
[Date "2015.??.??"]
[Round "6"]
[White "Dijkhuis, Sven"]
[Black "Rydstrom, Tom"]
[Result "1/2-1/2"]
[WhiteElo "2118"]
[BlackElo "2286"]
[PlyCount "61"]
[EventDate "2015.??.??"]
[EventType "swiss"]
[EventRounds "9"]
[EventCountry "DEN"]

1. e4 e5 2. Nf3 Nc6 3. Bb5 a6 4. Ba4 Nf6 5. O-O Be7 6. d3 b5 7. Bb3 d6 8. a4
Bd7 9. axb5 axb5 10. Rxa8 Qxa8 11. c3 O-O 12. Re1 Na5 13. Bc2 c5 14. d4 Nc6 15.
Bg5 cxd4 16. cxd4 Bg4 17. dxe5 dxe5 18. Nbd2 Rd8 19. Qb1 Bc5 20. h3 Be6 21. Bb3
Qa7 22. Be3 Bxe3 23. Rxe3 Bxb3 24. Nxb3 g6 25. Rd3 Qe7 26. Rxd8+ Qxd8 27. Qc2
Qd6 28. Nc5 Kg7 29. Kh2 Nd4 30. Nxd4 Qxd4 31. Qc3 1/2-1/2

[Event "Copenhagen Chess Challenge 2015"]
[Site "Ballerup"]
[Date "2015.??.??"]
[Round "6"]
[White "Stuhr, Peter Sebastian"]
[Black "Bekker Jensen, David"]
[Result "0-1"]
[WhiteElo "1947"]
[BlackElo "2261"]
[PlyCount "142"]
[EventDate "2015.??.??"]
[EventType "swiss"]
[EventRounds "9"]
[EventCountry "DEN"]

1. e4 c5 2. Nc3 Nc6 3. f4 g6 4. Nf3 Bg7 5. Bc4 e6 6. d3 Nge7 7. e5 d5 8. exd6
Nf5 9. Bb5 Qxd6 10. Ne4 Qc7 11. O-O O-O 12. c3 b6 13. Qe1 Bb7 14. g4 Nd6 15.
Ba4 Ba6 16. Bc2 Rae8 17. Neg5 h6 18. Qh4 f5 19. Nh3 Nf7 20. Qg3 Kh7 21. Qh4 Qd8
22. Nhg5+ Kg8 23. Nxf7 Qxh4 24. Nxh4 Kxf7 25. h3 Rd8 26. Rf3 Rd6 27. Kf2 Rfd8
28. Ke2 Bf6 29. Ng2 e5 30. gxf5 e4 31. Bb3+ Kf8 32. Rg3 exd3+ 33. Kd2 c4 34.
Bd1 gxf5 35. a4 Ne7 36. b4 Nd5 37. Bb2 Bg7 38. Ne3 Nxe3 39. Kxe3 Bb7 40. Kd2
Re6 41. b5 Kg8 42. Bh5 Kh8 43. Rag1 Rd7 44. Ba3 Kg8 45. Rg6 Bd5 46. Rxe6 Bxe6
47. Re1 Bf7 48. Bf3 Bf6 49. Bc6 Rd8 50. Be7 Bxe7 51. Rxe7 Rd6 52. Rxa7 Re6 53.
Rxf7 Re2+ 54. Kd1 Kxf7 55. Bd5+ Ke7 56. Bxc4 Re4 57. Bxd3 Rxf4 58. c4 Kd6 59.
Ke2 Kc5 60. Ke3 Rh4 61. Bxf5 Rxc4 62. Bd7 Rxa4 63. Kf3 Rd4 64. Be8 Rb4 65. Bd7
Rxb5 66. Kg4 Rb4+ 67. Kh5 Rd4 68. Be8 Rd6 69. h4 b5 70. Bg6 Rd4 71. Bf5 Rd5 0-1

[Event "Copenhagen Chess Challenge 2015"]
[Site "Ballerup"]
[Date "2015.??.??"]
[Round "6"]
[White "Sorensen, Per Settergren"]
[Black "Fries Nielsen, Jens Ove"]
[Result "0-1"]
[WhiteElo "2049"]
[BlackElo "2458"]
[PlyCount "98"]
[EventDate "2015.??.??"]
[EventType "swiss"]
[EventRounds "9"]
[EventCountry "DEN"]

1. e4 d5 2. exd5 Qxd5 3. Nc3 Qd8 4. d4 g6 5. Nf3 Bg7 6. Bc4 Nc6 7. d5 Na5 8.
Bb5+ c6 9. dxc6 Qxd1+ 10. Nxd1 Nxc6 11. Ne3 Bd7 12. Nd5 O-O-O 13. c3 Be8 14.
Ne3 Nf6 15. O-O Ne4 16. Rd1 Bd7 17. Nc2 Bf5 18. Be3 Nxc3 19. Rxd8+ Rxd8 20.
bxc3 Bxc2 21. Nd4 Be4 22. Nxc6 bxc6 23. Ba6+ Kc7 24. Rc1 Bf5 25. Bc4 a5 26. f3
e6 27. Be2 a4 28. Kf2 Rb8 29. Ke1 Rb2 30. g4 Bc2 31. a3 Bxc3+ 32. Kf1 Be5 33.
f4 Bd6 34. Bd4 Ra2 35. Be5 Bxe5 36. fxe5 c5 37. Bb5 Bb3 38. Be8 Kb6 39. Bxf7
Rxa3 40. h4 Ra2 41. h5 gxh5 42. gxh5 h6 43. Rc3 Kb5 44. Rg3 Bc4+ 45. Ke1 a3 46.
Kd1 Bd5 47. Rg8 Rh2 48. Rb8+ Kc4 49. Kc1 Kc3 0-1

[Event "Copenhagen Chess Challenge 2015"]
[Site "Ballerup"]
[Date "2015.??.??"]
[Round "6"]
[White "Skovgaard, Ib"]
[Black "Veng, Johny"]
[Result "0-1"]
[WhiteElo "2006"]
[BlackElo "2304"]
[PlyCount "40"]
[EventDate "2015.??.??"]
[EventType "swiss"]
[EventRounds "9"]
[EventCountry "DEN"]

1. e4 d6 2. Nf3 Nf6 3. Nc3 e5 4. d4 Nbd7 5. dxe5 dxe5 6. Bc4 Bb4 7. Bg5 h6 8.
Bh4 Qe7 9. Qe2 c6 10. O-O Nf8 11. Rad1 Ng6 12. Bxf6 Qxf6 13. Nd5 cxd5 14. Bb5+
Kf8 15. exd5 a6 16. d6 Bg4 17. Qe4 Bxf3 18. Qxb4 Bxd1 19. d7+ Qe7 20. Rxd1 Qxb4
0-1

[Event "Copenhagen Chess Challenge 2015"]
[Site "Ballerup"]
[Date "2015.??.??"]
[Round "6"]
[White "Olsen, Michael Richard W"]
[Black "Brondt, Nicolai Kvist"]
[Result "1/2-1/2"]
[WhiteElo "2023"]
[BlackElo "2146"]
[PlyCount "113"]
[EventDate "2015.??.??"]
[EventType "swiss"]
[EventRounds "9"]
[EventCountry "DEN"]

1. Nf3 d5 2. g3 g6 3. Bg2 Bg7 4. O-O c6 5. d3 e5 6. Nbd2 Ne7 7. c3 O-O 8. Qc2
Qc7 9. b3 a5 10. a4 Re8 11. Ba3 d4 12. cxd4 exd4 13. Nc4 Na6 14. Nd6 Rf8 15.
Nxc8 Raxc8 16. Qc4 Rcd8 17. Ng5 h6 18. Ne4 Rfe8 19. Nc5 Nxc5 20. Bxc5 Nd5 21.
Bf3 Kh7 22. Ba3 Re6 23. Rfe1 Qd7 24. b4 axb4 25. Bxb4 Nc3 26. a5 Rde8 27. Bxc3
dxc3 28. e3 Re5 29. d4 R5e7 30. Qxc3 c5 31. Qd2 cxd4 32. e4 f5 33. exf5 Rxe1+
34. Rxe1 Rxe1+ 35. Qxe1 gxf5 36. Qb1 d3 37. Qxb7 Qxb7 38. Bxb7 Bd4 39. Bf3 Kg6
40. Kf1 Kg5 41. h4+ Kf6 42. Bc6 f4 43. Be4 d2 44. Bf3 Ke5 45. g4 Kd6 46. Ke2
d1=Q+ 47. Kxd1 Bxf2 48. a6 Kc7 49. g5 hxg5 50. hxg5 Kd6 51. Ke2 Be3 52. g6 Ke6
53. Be4 Kf6 54. Kf3 Kg7 55. Kg4 Kf6 56. Kh5 Kg7 57. Bf3 1/2-1/2

[Event "Copenhagen Chess Challenge 2015"]
[Site "Ballerup"]
[Date "2015.??.??"]
[Round "6"]
[White "Vovk, Oksana"]
[Black "Tomaz, Tainan Pantano"]
[Result "1/2-1/2"]
[WhiteElo "2112"]
[BlackElo "2018"]
[PlyCount "51"]
[EventDate "2015.??.??"]
[EventType "swiss"]
[EventRounds "9"]
[EventCountry "DEN"]

1. d4 Nf6 2. c4 e6 3. Nf3 Bb4+ 4. Bd2 a5 5. Nc3 b6 6. g3 Ba6 7. b3 d5 8. cxd5
exd5 9. Bg2 O-O 10. O-O Re8 11. Ne5 c6 12. Re1 Bb7 13. Qc2 Nbd7 14. Nxd7 Qxd7
15. Na4 Bxd2 16. Qxd2 Qd8 17. Rac1 Ne4 18. Qf4 Re6 19. f3 Nf6 20. Qd2 Rd6 21.
Qf4 Re6 22. Bh3 Re8 23. Bg2 Rb8 24. Kf2 Ba8 25. Bh3 Qe7 26. Qd2 1/2-1/2

[Event "Copenhagen Chess Challenge 2015"]
[Site "Ballerup"]
[Date "2015.??.??"]
[Round "6"]
[White "Rewitz, Poul"]
[Black "Rishovd, Svein"]
[Result "0-1"]
[WhiteElo "2272"]
[BlackElo "2033"]
[PlyCount "80"]
[EventDate "2015.??.??"]
[EventType "swiss"]
[EventRounds "9"]
[EventCountry "DEN"]

1. e4 e6 2. a3 d5 3. e5 c5 4. b4 Ne7 5. bxc5 d4 6. Nf3 Nbc6 7. Bb5 Qd5 8. Qe2
Ng6 9. d3 Bd7 10. c4 Qxc5 11. Nbd2 Ngxe5 12. O-O Nxf3+ 13. Nxf3 a6 14. Ba4 b5
15. Bb3 Na5 16. Ba2 Be7 17. Ne5 bxc4 18. Nxd7 Kxd7 19. dxc4 Rhd8 20. Bd2 Nc6
21. Bb1 Bf6 22. Be4 Rac8 23. Rab1 g6 24. Rb7+ Ke8 25. Qf3 Be7 26. Rfb1 Qxc4 27.
Qf4 g5 28. Qg3 h6 29. Qh3 Qe2 30. Bxc6+ Rxc6 31. Be1 d3 32. Rxe7+ Kxe7 33. Bb4+
Kd7 34. Ba5 Rdc8 35. Rf1 Rc1 36. g3 d2 37. Bxd2 Qxd2 38. Qh5 Rxf1+ 39. Kxf1
Rc1+ 40. Kg2 Qd5+ 0-1

[Event "Copenhagen Chess Challenge 2015"]
[Site "Ballerup"]
[Date "2015.??.??"]
[Round "6"]
[White "Akdag, Dara Sevkan"]
[Black "Andersen, Kim Nyvang"]
[Result "0-1"]
[WhiteElo "2184"]
[BlackElo "2045"]
[PlyCount "70"]
[EventDate "2015.??.??"]
[EventType "swiss"]
[EventRounds "9"]
[EventCountry "DEN"]

1. d4 Nf6 2. c4 e6 3. Nf3 b6 4. g3 Bb7 5. Bg2 g6 6. Nc3 Ne4 7. d5 Nxc3 8. Qd4
f6 9. Qxc3 exd5 10. Nd4 c5 11. Qe3+ Kf7 12. Nf3 d4 13. Qf4 Nc6 14. Ne5+ Ke8 15.
Ng4 Bg7 16. Bd5 h5 17. Qe4+ Qe7 18. Qxg6+ Kd8 19. Nh6 Ne5 20. Nf7+ Kc7 21. Nxe5
Bxd5 22. cxd5 fxe5 23. d6+ Qxd6 24. Qxg7 Qd5 25. O-O h4 26. Qg4 Rag8 27. Qf3 e4
28. Qf4+ d6 29. a4 Qh5 30. Qxe4 hxg3 31. h4 g2 32. a5 gxf1=Q+ 33. Kxf1 b5 34.
a6 Qxh4 35. Bh6 Qxe4 0-1

[Event "Copenhagen Chess Challenge 2015"]
[Site "Ballerup"]
[Date "2015.??.??"]
[Round "6"]
[White "Karlsson, Ulf"]
[Black "Moe, Mogens"]
[Result "1-0"]
[WhiteElo "2022"]
[BlackElo "2151"]
[PlyCount "73"]
[EventDate "2015.??.??"]
[EventType "swiss"]
[EventRounds "9"]
[EventCountry "DEN"]

1. e4 c5 2. Nc3 Nc6 3. g3 d6 4. Bg2 Rb8 5. d3 b5 6. f4 Bd7 7. Nf3 b4 8. Nd5 e6
9. Ne3 Qc7 10. O-O Nge7 11. g4 g6 12. g5 h5 13. Bd2 Bg7 14. c3 a5 15. Nh4 f5
16. gxf6 Bxf6 17. Qe1 Kd8 18. Nf3 Qa7 19. Nc4 Qc7 20. e5 dxe5 21. Nfxe5 Bxe5
22. fxe5 Nf5 23. Bg5+ Kc8 24. Rxf5 gxf5 25. Nd6+ Qxd6 26. exd6 Rg8 27. h4 Rb6
28. Qe3 Kb7 29. Qxc5 Ka6 30. Qc4+ Kb7 31. Rc1 Rc8 32. a3 bxa3 33. bxa3 Kb8 34.
Qa2 Ne5 35. Rb1 Ka7 36. Rxb6 Kxb6 37. Qb3+ 1-0

[Event "Copenhagen Chess Challenge 2015"]
[Site "Ballerup"]
[Date "2015.??.??"]
[Round "6"]
[White "Marinc, Damir"]
[Black "Andersen, Soren Mikkel"]
[Result "1/2-1/2"]
[WhiteElo "2021"]
[BlackElo "2123"]
[PlyCount "94"]
[EventDate "2015.??.??"]
[EventType "swiss"]
[EventRounds "9"]
[EventCountry "DEN"]

1. e4 c5 2. Nf3 d6 3. d4 cxd4 4. Nxd4 Nf6 5. Nc3 a6 6. g3 b5 7. Bg2 Bb7 8. a3
e6 9. O-O Nbd7 10. Kh1 Rc8 11. Qe2 Be7 12. f4 Qc7 13. Bd2 Qc4 14. Qe3 O-O 15.
h3 Bd8 16. Nb3 Bb6 17. Qe1 d5 18. e5 Ne4 19. Nxe4 dxe4 20. Rc1 Bd5 21. Be3 Qc6
22. Nd2 Bxe3 23. Qxe3 Nc5 24. b3 Qa8 25. c4 bxc4 26. Nxc4 Nd7 27. Nd6 Rxc1 28.
Rxc1 f5 29. exf6 Nxf6 30. Re1 Qb8 31. Nxe4 Nxe4 32. Bxe4 Qxb3 33. Bxd5 Qxd5+
34. Kh2 Re8 35. Re2 h6 36. Rd2 Qc6 37. Qd4 Rc8 38. h4 Kh8 39. Qd6 Qc4 40. Qd7
Qc1 41. h5 Qc5 42. Kg2 Qc4 43. Kh2 Rb8 44. Qf7 Qe4 45. Qg6 Qe3 46. Qd3 Qe1 47.
Re2 Qf1 1/2-1/2

[Event "Copenhagen Chess Challenge 2015"]
[Site "Ballerup"]
[Date "2015.??.??"]
[Round "6"]
[White "Vesterli, Michael E"]
[Black "Ranaldi, Lucas"]
[Result "1/2-1/2"]
[WhiteElo "2118"]
[BlackElo "2019"]
[PlyCount "99"]
[EventDate "2015.??.??"]
[EventType "swiss"]
[EventRounds "9"]
[EventCountry "DEN"]

1. d4 Nf6 2. c4 e6 3. Nf3 Bb4+ 4. Bd2 c5 5. e3 O-O 6. Bd3 b6 7. Nc3 cxd4 8.
exd4 Bb7 9. O-O d5 10. cxd5 Bxc3 11. bxc3 Bxd5 12. Bg5 h6 13. Bh4 Bxf3 14. Qxf3
Nbd7 15. Bb5 g5 16. Bg3 Nd5 17. Bd6 Re8 18. c4 Ne7 19. Qb7 Nf5 20. Ba3 a6 21.
Bc6 Nxd4 22. Qxd7 Qxd7 23. Bxd7 Red8 24. Ba4 b5 25. Bd1 bxc4 26. Rc1 Rac8 27.
Be7 Rd5 28. Bf6 e5 29. Re1 Rcc5 30. Bc2 Ra5 31. Kf1 Rxa2 32. Bb1 Ra4 33. Bxe5
Nb3 34. Rcd1 Nd2+ 35. Kg1 Rb4 36. Bc3 Rxb1 37. Rxb1 Nxb1 38. Rxb1 Rd3 39. Rc1
f5 40. Kf1 Rd5 41. Ra1 Rd3 42. Be1 Rd6 43. Ra4 Rc6 44. Ke2 Re6+ 45. Kd2 c3+ 46.
Kxc3 Rxe1 47. Rxa6 Re2 48. Rxh6 Kg7 49. Rd6 Rxf2 50. Rd2 1/2-1/2